| 000 | 00729nam a22002177a 4500 | ||
|---|---|---|---|
| 005 | 20180405161722.0 | ||
| 010 | _aB-690728-729 | ||
| 020 |
_a9788193407103 _c1495.00 |
||
| 035 | _aB-690728-729 | ||
| 037 | _bKKP | ||
| 082 | _a920 | ||
| 100 | _aBright,Jagat S. | ||
| 245 | 0 | 0 |
_aImportant speeches and writings of Subhas Bose / _cby Jagat S.Bright |
| 260 |
_aNew Delhi _bAlina Books _c2018 |
||
| 270 |
_a1262 B-Block, Jahangir Puri _bDelhi _e110033 |
||
| 300 |
_a527p. _c22cm (Hb) |
||
| 500 | _aBalidani | ||
| 700 | 1 | _935434 | |
| 942 |
_2ddc _cEN _h954.004 _mBRI |
||
| 999 |
_c150815 _d150815 |
||